| 000 | 00536cam a22002175i 4500 | ||
|---|---|---|---|
| 999 |
_c6504 _d6504 |
||
| 001 | 6504 | ||
| 003 | BD-JhCC | ||
| 005 | 20191212134008.0 | ||
| 008 | 140701s xxu 000 0 eng | ||
| 020 | _a9781565335394 | ||
| 035 | _a(BD-JhCC)6504 | ||
| 040 |
_aDLC _cDLC _erda _dBD-JhCC |
||
| 041 | _aeng | ||
| 082 |
_a613 _bWOL 2000 |
||
| 100 | _aWolkowitz, Amanda | ||
| 245 | 1 | 0 |
_aDiscover Health / _cAmanda Wolkowitz |
| 300 |
_a432 pages : _billustrations ; _c28 cm. |
||
| 650 | _aHealth | ||
| 942 |
_2ddc _cBK _02 |
||